Fright wave / (Record no. 10935)
[ view plain ]
| 000 -LEADER | |
|---|---|
| fixed length control field | 00996cam a22003133a 4500 |
| 001 - CONTROL NUMBER | |
| control field | 16402893 |
| 003 - CONTROL NUMBER IDENTIFIER | |
| control field | OSt |
| 005 - DATE AND TIME OF LATEST TRANSACTION | |
| control field | 20140310182232.0 |
| 008 - FIXED-LENGTH DATA ELEMENTS--GENERAL INFORMATION | |
| fixed length control field | 900605s1990 nyu 000 1 eng d |
| 010 ## - LIBRARY OF CONGRESS CONTROL NUMBER | |
| LC control number | 97814227 |
| 020 ## - INTERNATIONAL STANDARD BOOK NUMBER | |
| International Standard Book Number | 0671674889 (pbk.) : |
| Terms of availability | $2.95 |
| 035 ## - SYSTEM CONTROL NUMBER | |
| System control number | (OCoLC)ocm21696270 |
| 040 ## - CATALOGING SOURCE | |
| Original cataloging agency | SVP |
| Transcribing agency | SVP |
| Modifying agency | BGU |
| -- | OCL |
| -- | DLC |
| 050 00 - LIBRARY OF CONGRESS CALL NUMBER | |
| Classification number | PZ 7 |
| Item number | .D621 1990 |
| 082 ## - DEWEY DECIMAL CLASSIFICATION NUMBER | |
| Classification number | FIC D66r |
| Item number | c2001. |
| 100 1# - MAIN ENTRY--PERSONAL NAME | |
| Personal name | Dixon, Franklin W. |
| 9 (RLIN) | 4201 |
| 245 10 - TITLE STATEMENT | |
| Title | Fright wave / |
| Statement of responsibility, etc | Franklin W. Dixon. |
| 260 ## - PUBLICATION, DISTRIBUTION, ETC. (IMPRINT) | |
| Place of publication, distribution, etc | New York : |
| Name of publisher, distributor, etc | Pocket Books, |
| Date of publication, distribution, etc | c1990. |
| 300 ## - PHYSICAL DESCRIPTION | |
| Extent | 151 p. ; |
| Dimensions | 18 cm. |
| 490 1# - SERIES STATEMENT | |
| Series statement | The Hardy Boys casefiles ; |
| Volume number/sequential designation | no. 40 |
| 500 ## - GENERAL NOTE | |
| General note | "An Archway paperback." |
| 650 #0 - SUBJECT ADDED ENTRY--TOPICAL TERM | |
| Topical term or geographic name as entry element | Hardy Boys (Fictitious characters) |
| Form subdivision | Fiction. |
| 9 (RLIN) | 18297 |
| 651 #0 - SUBJECT ADDED ENTRY--GEOGRAPHIC NAME | |
| Geographic name | Hawaii |
| Form subdivision | Fiction. |
| 9 (RLIN) | 18298 |
| 655 #7 - INDEX TERM--GENRE/FORM | |
| Genre/form data or focus term | Young adult fiction. |
| Source of term | lcsh |
| 9 (RLIN) | 3735 |
| 710 2# - ADDED ENTRY--CORPORATE NAME | |
| Corporate name or jurisdiction name as entry element | Copyright Paperback Collection (Library of Congress) |
| Institution to which field applies | DLC |
| 9 (RLIN) | 705 |
| 906 ## - LOCAL DATA ELEMENT F, LDF (RLIN) | |
| a | 7 |
| b | cbc |
| c | copycat |
| d | 2 |
| e | ncip |
| f | 19 |
| g | y-genrareb |
| 942 ## - ADDED ENTRY ELEMENTS (KOHA) | |
| Source of classification or shelving scheme | Library of Congress Classification |
| Koha item type | |
| Withdrawn status | Lost status | Source of classification or shelving scheme | Damaged status | Home library | Current library | Shelving location | Date acquired | Total Checkouts | Full call number | Barcode | Date last seen | Copy number | Price effective from | Koha item type |
|---|---|---|---|---|---|---|---|---|---|---|---|---|---|---|
| Library of Congress Classification | Luxembourg Library | Luxembourg Library | Fiction Section | 09/11/2013 | PZ 7 .D621 1990 | 0372 | 09/11/2013 | 1 | 09/11/2013 | Books |